Tennis par lettre - F - Statistiques

Statistiques générales
  • Ce quiz a été pris 91 fois
  • Le résultat moyen est 7 sur 10
Statistiques - réponses
Questions Réponses % Correct
Quel joueur suisse est connu pour son charisme et son élégance ? Roger Federer
100%
Quel tennisman espagnol a accédé à la finale de Roland-Garros en 2013 ? David Ferrer
88%
Quel jeune tennisman français est sans doute le meilleur joueur français pour les prochaines années ? Arthur Fils
87%
Quel espagnol, entraîneur de Carlos Alcaraz, a remporté Roland-Garros en 2003 ? Juan Carlos Ferrero
77%
Quel joueur américain, habile sur surface dure, se place régulièrement dans le haut du classement ATP ? Taylor Fritz
77%
Quel tennisman français des années 1990, a terminé l'année 1991 à la 4ème place de l'ATP ? Guy Forget
59%
Quel jeune joueur brésilien, ayant un style arrogant, est le brésilien le mieux classé à l'ATP ? Joao Fonseca
58%
Quelle joueuse canadienne a atteint la finale de l'US en 2021 ? Leylah Fernandez
50%
Quel joueur hongrois a atteint les quarts de finale de Wimbledon en 2021 ? Marton Fucsovics
50%
Quelle joueuse polonaise se classe à la 46ème place du classement WTA ? Magdalena Frech
27%
Aucun quiz correspondant
Distribution des résultats
% des personnes avec chaque résultat
Percentile par nombre de réponses
Votre historique - résultats
Vous n’avez pas pris ce quiz